Logo

Description automatically generated
विद्यार्जन
 संसाधन केंद्र, भारतीय प्रौद्योगिकी संस्थान इन्दौर
Learning Resource Center, Indian Institute of Technology Indore

ऑनलाइन सार्वजनिक अभिगम प्रसूची
Online Public Access Catalogue (OPAC)

Realism and reality : the novel and society in India (Record no. 57321)

MARC details
000 -LEADER
fixed length control field 00693nam a2200217Ia 4500
005 - DATE AND TIME OF LATEST TRANSACTION
control field 20260629163255.0
008 - FIXED-LENGTH DATA ELEMENTS--GENERAL INFORMATION
fixed length control field 260629s9999||||xx |||||||||||||| ||und||
020 ## - INTERNATIONAL STANDARD BOOK NUMBER
International Standard Book Number 9780195634341
Qualifying information pbk
082 ## - DEWEY DECIMAL CLASSIFICATION NUMBER
Classification number 823.00954
Item number MUK
100 ## - MAIN ENTRY--PERSONAL NAME
Personal name Mukherjee, Meenakshi
245 #0 - TITLE STATEMENT
Title Realism and reality : the novel and society in India
250 ## - EDITION STATEMENT
Edition statement 1st ed. 1985 ; Oxford India Pbk ed. 1994
260 ## - PUBLICATION, DISTRIBUTION, ETC.
Place of publication, distribution, etc. New Delhi
Name of publisher, distributor, etc. Oxford University Press
Date of publication, distribution, etc. 1985
300 ## - PHYSICAL DESCRIPTION
Extent X, 217p. ; 21cm.
653 ## - INDEX TERM--UNCONTROLLED
Uncontrolled term India in literature
653 ## - INDEX TERM--UNCONTROLLED
Uncontrolled term Indic fiction (English)—History and criticism
653 ## - INDEX TERM--UNCONTROLLED
Uncontrolled term Literature and society—India
653 ## - INDEX TERM--UNCONTROLLED
Uncontrolled term Postcolonialism
653 ## - INDEX TERM--UNCONTROLLED
Uncontrolled term Realism in literature
942 ## - ADDED ENTRY ELEMENTS (KOHA)
Koha item type Book
Holdings
Withdrawn status Lost status Damaged status Not for loan Home library Current library Shelving location Date acquired Source of acquisition Total Checkouts Full call number Barcode Date last seen Price effective from Koha item type
        LRC, IIT Indore LRC, IIT Indore 2nd Floor - General Stack 29/06/2026 Gratis Book Price: INR 365.00   823.00954 MUK G2546 29/06/2026 29/06/2026 Book
Copyright © 2017-2026 Indian Institute of Technology Indore. All Rights Reserved.
Managed & maintained by Learning Resource Center, IIT Indore